| 000 | 00714nam a2200205 a 4500 | ||
|---|---|---|---|
| 001 | 000035292 | ||
| 005 | 20200930074233.0 | ||
| 008 | 111027s1954 mx 000 0 spa d | ||
| 040 |
_aDO-SdBNP _bspa _cBNPHU |
||
| 082 |
_axxxx _bD579t |
||
| 100 | 1 |
_aDilthey, Wilhelm, _d1833-1911 _961059 |
|
| 245 | 1 | 0 |
_aTeoría de la concepción del mundo. / _cversión, prólogo y notas de Eugenio Ímaz. |
| 250 | _a2a ed. | ||
| 260 |
_aMéxico : _bFondo de Cultura Económica, _c1954. |
||
| 300 |
_axv, 404 p. ; _c24 cm. |
||
| 490 | 1 |
_aObras de Dilthey _v8 |
|
| 590 | _aPerteneció a la biblioteca personal de Juan Isidro Jimenes Grullón. | ||
| 700 | 1 |
_aÍmaz, Eugenio, _epról.89 _925785 |
|
| 830 | 0 |
_aObras de Dilthey _v8 _961060 |
|
| 999 |
_c34783 _d34783 |
||